Widok standardowy
Widok MARC
Pozycja Personal Name
Liczba rekordów, w których użyto hasła: 1
001 - Numer kontrolny
- control field: 39303
003 - Identyfikator numeru kontrolnego
- control field: NUKAT
005 - Data i czas ostatniej modyfikacji
- control field: 20260331110357.0
008 - Dane kontrolne kodowane (40 znaków)
- fixed length control field: 190918n||a|znnaabn |a aaa |c
010 ## - Numer kontrolny Biblioteki Kongresu
- numer kontrolny LC: n 2019153507
040 ## - Instytucja sporządzająca rekord
- inst. przygot. dane do rek. khw: OLSZT 003/JG
- język haseł przedmiotowych/tezaurus: kaba
- inst. wprow. rek. khw: OLSZT 003/JG
- inst. modyf. rek. khw: OLSZT 008/bak
043 ## - Kod obszaru geograficznego
- ISO code: UA
- ISO code: PL
046 ## - Special dates
- Birth date: 1927
- Death date: 2022
100 1# - Hasło - nazwa osobowa
- nazwa osobowa w formie ujednoliconej: Rutkowski, Jan Franciszek
- daty biograficzne: (1927-2022).
370 ## - Associated place
- Place of birth: Dowhe (Ukraina, obw. rówieński, rej. rówieński)
370 ## - Associated place
- Place of death: Olsztyn (woj. warmińsko-mazurskie)
370 ## - Associated place
- Country: Polska
370 ## - Associated place
- Country: Ukraina
373 ## - Associated Group
- Associated group: Towarzystwo Miłośników Wołynia i Polesia (Olsztyn)
375 ## - Gender
- Gender: 1
- Source of term: iso5218
377 ## - Assoc lang
- Lang code: pol
670 ## - Źródło informacji
- źródło informacji: Został tylko żuraw / Helena Piotrowska. - Olsztyn, 2019.
670 ## - Źródło informacji
- źródło informacji: Strona internetowa olsztyn24, 18.09.19
- adres internetowy: https://www.olsztyn24.com/news/17485-jan-rutkowski-honorowym-prezesem-wolyniakow.html
670 ## - Źródło informacji
- źródło informacji: Nekrolog, 31.03.2026
- adres internetowy: https://pozegnania.net/nekrolog/jan-franciszek-rutkowski-nekrologi/